Statistics for Number Pyramid Puzzle - Multiplication #2

Click here to take the quiz!

General Stats

  • This quiz has been taken 160 times
  • The average score is 9 of 10

Answer Stats

BrickAnswer% Correct
1A8
100%
1B10
99%
1C15
99%
1D24
98%
2A80
98%
2B150
97%
2C360
92%
3A12,000
91%
3B54,000
90%
4A648,000,000
78%

Score Distribution

Percentile by Number Answered

Percent of People with Each Score

Your Score History

You have not taken this quiz